| 000 | 01242nam a2200205 4500 | ||
|---|---|---|---|
| 999 |
_c56819 _d56819 |
||
| 003 | Ge_BSU | ||
| 005 | 20190516185538.0 | ||
| 008 | 190506s2009 ge ||||| |||| 00| 0 geo d | ||
| 041 | _ageo | ||
| 080 | _a340 ი-95 | ||
| 110 |
_aამერიკის იურისტთა ასოციაცია. _9740 |
||
| 245 |
_aიურიდიულ პროფესიათა ეთიკის საკითხები : _bსასწავლო მასალები / _cნინო ხურციძე, მედეა მათიაშვილი, ჯეიმს მოლიტერნო, თამარ ზამბახიძე, მარიამ ცისკაძე, გიორგი ჯოხაძე. |
||
| 264 |
_aთბ. : _c2009. |
||
| 300 |
_a185 გვ.; _b21 სმ. |
||
| 653 | _aსამართალი | ||
| 653 | _aადვოკატთა საქმიანობის მარეგულირებელი კანონმდებლობა | ||
| 700 |
_aხურციძე, ნინო _eიურიდიული მრჩეველი _9741 |
||
| 700 |
_aმათიაშვილი, მედეა _eიურისტი _9742 |
||
| 942 |
_2udc _cBK |
||